| 000 | 00368nam a2200133Ia 4500 | ||
|---|---|---|---|
| 008 | 191014s9999 xx 000 0 und d | ||
| 020 | _a978-969-494-671-9 | ||
| 082 |
_a428.007 _bMAR |
||
| 100 |
_aWren & Martin _91206 |
||
| 245 | 0 | _aHigh School English Grammar & Composition | |
| 260 |
_aPakistan _bParamount Books Pvt Ltd _c2018 |
||
| 300 | _aViii,418 | ||
| 942 | _cBK | ||
| 999 |
_c531332 _d531332 |
||